000 00271nam a22001337a 4500
020 _a8183071007
082 _a425
_bLEW/W
100 _aLEWIS,NORMAN
245 _aWORD POWER MADE EASY
260 _bGOYAL PUBLISHERS
300 _a16
650 _aVOCABULARY
942 _cBK
999 _c3864
_d3864